Readings in Philippine history / Alger P. Dura [and four others]. (Record no. 21575)
| 000 -LEADER | |
|---|---|
| fixed length control field | 00475nam a22001457a 4500 |
| 020 ## - INTERNATIONAL STANDARD BOOK NUMBER | |
| ISBN | 9786210800234 |
| 082 ## - DEWEY DECIMAL CLASSIFICATION NUMBER | |
| Classification number | 959.9 |
| Item number | D947 2023 |
| 100 ## - MAIN ENTRY--AUTHOR NAME | |
| Personal name | Dura, Alger P., author. |
| 245 ## - TITLE STATEMENT | |
| Title | Readings in Philippine history / Alger P. Dura [and four others]. |
| 260 ## - PUBLICATION, DISTRIBUTION, ETC. (IMPRINT) | |
| Place of publication | Malabon City : |
| Name of publisher | Mutya Publishing House, Inc., |
| Year of publication | ©2023. |
| 300 ## - PHYSICAL DESCRIPTION | |
| Number of Pages | 178 pages : |
| Other physical details | illustrations ; 26 cm. |
| 500 ## - GENERAL NOTE | |
| General note | Includes bibliographical references. |
| 650 ## - SUBJECT ADDED ENTRY--TOPICAL TERM | |
| Topical Term | Philippines -- History. |
| 942 ## - ADDED ENTRY ELEMENTS (KOHA) | |
| Koha item type | Books |
| Source of acquisition | Permanent Location | Date acquired | Koha item type | Collection code | Accession Number | Lost status | Shelving location | Withdrawn status | Current Location | Full call number |
|---|---|---|---|---|---|---|---|---|---|---|
| School | Cagayan State University - Carig Library | 2025-12-05 | Books | Filipiniana | 011283 | Filipiniana Section | Cagayan State University - Carig Library | 959.9 D947 2023 | ||
| School | Cagayan State University - Carig Library | 2025-12-05 | Books | Filipiniana | 011284 | Filipiniana Section | Cagayan State University - Carig Library | 959.9 D947 2023 | ||
| School | Cagayan State University - Carig Library | 2025-12-05 | Books | Filipiniana | 011285 | Filipiniana Section | Cagayan State University - Carig Library | 959.9 D947 2023 |